ბათუმის შოთა რუსთაველის სახელმწიფო უნივერსიტეტის ბიბლიოთეკა

ენათმეცნიერულ ტერმინთა მოკლე ლექსიკონი. (ბიბ.ჩანაწერი № 51090)

000 -LEADER
fixed length control field 00756nam a2200205Ia 4500
001 - CONTROL NUMBER
control field 18047
003 - CONTROL NUMBER IDENTIFIER
control field GE_BSU
008 - FIXED-LENGTH DATA ELEMENTS--GENERAL INFORMATION
fixed length control field 181216s||||||||xx |||||||||||||| ||und||
040 ## - CATALOGING SOURCE
Transcribing agency GE_BSU
080 ## - UNIVERSAL DECIMAL CLASSIFICATION NUMBER
Universal Decimal Classification number 81(038)
245 ## - TITLE STATEMENT
Title ენათმეცნიერულ ტერმინთა მოკლე ლექსიკონი.
245 ## - TITLE STATEMENT
Statement of responsibility, etc. შეადგ.: შამელაშვილი, რაფიელ. რედ. ალ. ღლონტი.
260 ## - PUBLICATION, DISTRIBUTION, ETC.
Place of publication, distribution, etc. თბილისი
260 ## - PUBLICATION, DISTRIBUTION, ETC.
Name of publisher, distributor, etc. განათლება
260 ## - PUBLICATION, DISTRIBUTION, ETC.
Date of publication, distribution, etc. 1975
300 ## - PHYSICAL DESCRIPTION
Extent 194გვ. ; 22სმ.
653 ## - INDEX TERM--UNCONTROLLED
Uncontrolled term ენათმეცნიერულ ტერმინთა მოკლე ლექსიკონი.
942 ## - ADDED ENTRY ELEMENTS (KOHA)
Koha item type წიგნი
ეგზემპლარები
Withdrawn status Lost status Damaged status Not for loan Date acquired Barcode Date last seen Price effective from Koha item type
        2018-12-17 45988 2018-12-17 2018-12-17 წიგნი
        2018-12-17 45989 2018-12-17 2018-12-17 წიგნი
        2018-12-17 45990 2018-12-17 2018-12-17 წიგნი
        2018-12-17 45991 2018-12-17 2018-12-17 წიგნი
        2018-12-17 48556 2018-12-17 2018-12-17 წიგნი